All Greek Premier League Players Ever - Statistics

General Stats
  • This quiz has been taken 23 times
    3 since last reset
  • The average score is 9 of 32
Answer Stats
Position Clubs Years Player % Correct
ATT Man City, West Brom 2005-08, 2014-15 Georgios Samaras
100%
DEF Arsenal, West Ham 2017-19, 2023-present Konstantinos Mavropanos
100%
DEF Liverpool 2020-present Kostas Tsimikas
100%
DEF Liverpool, Sunderland 2009-12 Sotirios Kyrgiakos
100%
ATT Everton 2010-13 Apostolos Vellios
50%
DEF Sheff Utd 2019-21, 2023-24 George Baldock
50%
MID Fulham 2012-14 Giorgos Karagounis
50%
DEF Watford 2015-20 Jose Holebas
50%
ATT Fulham 2013-14 Kostas Mitroglou
50%
GK Forest 2023-24 Odysseas Vlachodimos
50%
GK Watford 2017-18 Orestis Karnezis
50%
DEF Arsenal 2018-20 Sokratis Papastathopoulos
50%
ATT Brighton 2025-present Stefanos Tzimas
50%
ATT Portsmouth 2008-09 Theofanis Gekas
50%
MID Portsmouth 2008-10 Angelos Basinas
0%
ATT Brighton 2025-present Charalampos Kostoulas
0%
MID Sunderland 2013-14 Charis Mavrias
0%
MID/ATT Norwich 2021-22 Christos Tzolis
0%
DEF Norwich 2021-22 Dimitris Giannoulis
0%
MID Newcastle 1998-99 Georgios Georgiadis
0%
MID Portsmouth 2004-06 Giannis Skopelitis
0%
MID Blackburn 1996-97 Giorgos Donis
0%
GK Portsmouth 2004-05 Kostas Chalkias
0%
DEF Bolton 2001-02 Kostas Konstantinidis
0%
DEF Stoke 2017-18 Kostas Stafylidis
0%
DEF Newcastle, Leicester 1997-2004 Nikos Dabizas
0%
DEF Arsenal 2002-03 Stathis Tavlaridis
0%
MID Bolton, Hull 2003-09 Stelios Giannakopoulos
0%
MID Leicester 1997-2000 Theo Zagorakis
0%
DEF Swansea 2011-12 Vangelis Moras
0%
DEF Derby 1998-2000 Vasilios Borbokis
0%
MID Crystal Palace 2004-05 Vassilis Lakis
0%
No matching quizzes found
Score Distribution
Percent of People with Each Score
Percentile by Number Answered
Your Score History
You have not taken this quiz since the last reset